[Event "CZE-ch 2020"]
[Site "Pilsen"]
[Date "2020.08.24"]
[Round "2.31"]
[White "Vorisek, Jakub"]
[Black "Joukl, Zdenek"]
[Result "1-0"]
[WhiteElo "2205"]
[BlackElo "2062"]
[Annotator "TA"]
[PlyCount "98"]
[EventDate "2020.08.23"]
[EventType "swiss"]
[EventCountry "CZE"]
[SourceTitle "playchess.com"]
[Source "ChessBase"]
[SourceQuality "1"]

{[%evp 9,98,50,77,32,46,37,53,48,45,16,36,16,16,8,19,12,32,0,0,-18,-20,-9,34,39,33,36,43,45,79,79,76,68,189,192,303,308,345,314,285,245,230,181,180,184,214,214,214,214,218,181,190,195,441,429,434,427,425,444,483,460,606,500,772,772,1014,1026,996,998,791,705,962,940,904,931,933,907,1329,1344,1481,1462,4425,3748,2595,2600,12819,6713,12836,12836,12841,12841,12841]} 1. e4 d5 2. exd5 Qxd5 3. Nc3 Qd6 4. d4 Nf6 5. Nf3 Bg4 6. Be2 {B01: Scandinavian Defence.} e6 7. O-O Be7 8. h3 {White is slightly better.} Bh5 9. Be3 Nc6 10. Nb5 {[#]} Qd7 $146 ({Predecessor:} 10... Qd8 11. c4 a6 12. Nc3 O-O 13. Qd2 Bb4 14. a3 Ne4 15. Qc2 Bxc3 16. bxc3 f5 {1-0 (35) Rozman,M (1997)-Janzelj,L (2115) Otocec 2016}) 11. c4 a6 12. Nc3 Rd8 $1 13. Qb3 Na5 14. Qa4 Qxa4 15. Nxa4 O-O 16. Rac1 Ne4 17. g4 $36 {[%mdl 2048] Black is under pressure.} Bg6 18. Ne5 f6 19. Nxg6 hxg6 20. Bf3 Nd6 {Black cannot hold the game after this.} (20... Ng5 $14 21. Bg2 f5) 21. Nc5 $18 Rfe8 (21... Naxc4 {might work better.} 22. Nxe6 {[%mdl 64] Double Attack} c6) 22. Nxe6 {[%mdl 64] [#] Double Attack} Rc8 23. b3 Nf7 24. Bd2 Nc6 25. Bxc6 bxc6 26. Rce1 Bf8 27. Ba5 Ne5 28. dxe5 Rxe6 29. f4 Bc5+ 30. Kg2 g5 $2 {[#]} (30... Kf7 31. Bc3 Rd8) 31. exf6 {White is clearly winning.} Rxf6 32. fxg5 Rxf1 33. Rxf1 {[%mdl 4096] Endgame KRB-KRB} Re8 34. Re1 Rf8 35. Re2 Bd6 (35... Kf7 $142 36. Bxc7 Rh8) 36. g6 c5 37. h4 Rd8 38. Bc3 Bf8 39. Rd2 Re8 40. Kf3 Bd6 41. Rd5 a5 42. Bxa5 Ra8 43. Bc3 Rxa2 44. Be5 Ra6 45. Bxd6 cxd6 46. h5 Kf8 47. Rf5+ Kg8 48. Ke4 Ra1 49. Kd5 Rd1+ {Accuracy: White = 86%, Black = 38%.} 1-0

[Event "CZE-ch 2020"]
[Site "Pilsen"]
[Date "2020.08.24"]
[Round "2.32"]
[White "Ludvik, Tomas"]
[Black "Turner, Radek"]
[Result "1-0"]
[WhiteElo "2202"]
[BlackElo "2024"]
[Annotator "TA"]
[PlyCount "131"]
[EventDate "2020.08.23"]
[EventType "swiss"]
[EventCountry "CZE"]
[SourceTitle "playchess.com"]
[Source "ChessBase"]
[SourceQuality "1"]

{[%evp 9,131,36,60,53,56,42,51,50,52,36,51,25,26,26,27,27,43,42,25,36,25,32,34,25,61,80,64,58,166,86,258,128,559,280,393,138,155,148,143,66,269,274,272,287,277,34,268,274,272,233,234,235,247,237,268,204,196,197,198,56,56,56,56,56,58,56,76,71,68,60,69,68,71,69,69,69,67,67,76,55,67,67,67,67,133,67,67,67,67,68,75,72,76,74,73,74,278,91,295,295,256,243,206,81,149,150,144,108,235,156,409,395,783,722,872,779,12828,592,29990,29991,29991,29992,29992,349]} 1. d4 Nf6 2. c4 c5 3. d5 b5 4. cxb5 a6 5. bxa6 g6 6. Nc3 {A58: Benko/Volga Gambit: Lines with 5 bxa6.} Bg7 7. e4 {Threatens to win with e5.} O-O 8. Be2 {White is slightly better.} Qa5 {Black wants to play ...Nxe4.} 9. Bd2 Bxa6 10. Nf3 Qb4 11. Bxa6 Nxa6 12. Qe2 Qxb2 13. Rb1 Qa3 $1 14. e5 Ne8 15. Rb3 Qa5 16. O-O {[#]} Rb8 $146 ({Predecessor:} 16... Nec7 17. Qc4 d6 18. Rfb1 Rab8 19. a3 Rxb3 20. Rxb3 Nb8 21. Bg5 f6 22. exd6 exd6 {½-½ (76) Khairullin,I (2647)-Yuffa,D (2504) Doha 2015}) 17. Rxb8 Nxb8 18. Rb1 $36 {[%mdl 2048] White fights for an advantage.} Nc7 (18... Na6 $14) 19. Qc4 (19. Rb7 $18 Nca6 20. Qc4) 19... Nca6 $2 (19... Qa7 $16) 20. Rb7 (20. Ne4 $18 Qd8 21. h3) 20... Rc8 $2 {[%mdl 8192]} (20... Nb4 $16 {is more resistant.} 21. Rb5 Qa7) 21. Nb5 Nb4 (21... Qd8 $142 22. h3 Qf8) 22. Na7 $2 (22. d6 $18 {and White stays clearly on top.} e6 23. a3) 22... Re8 23. Bxb4 cxb4 24. Qxb4 (24. e6 $16 {Black must now prevent Nc6!} Qa4 25. exf7+ (25. Qxb4 Qd1+ 26. Ne1 Bd4 $14) 25... Kxf7 26. g3 (26. Qxb4 Qd1+ 27. Qe1 Qxd5 $11 {[%mdl 64] Double Attack})) 24... Qxd5 $2 (24... Qxb4 $14 25. Rxb4 Na6) 25. Rxb8 $18 Qd1+ 26. Ne1 Rxb8 27. Qxb8+ Bf8 {[%cal Rd1e1]} 28. Kf1 $1 Qa4 {intending ...Qc4+.} 29. Qc7 Qa6+ 30. Kg1 Qe2 {[%cal Re2e1]} 31. Qc3 Bh6 32. Nf3 {Hoping for Nc8.} Qxa2 33. Nc8 Qb1+ 34. Qe1 (34. Ne1 $18 Qd1 35. e6 (35. Nxe7+ Kf8 $14) 35... fxe6 36. Nxe7+ Kf7 37. Nc8) 34... Qb7 $1 $14 35. Nxe7+ Kf8 36. Nxg6+ hxg6 37. Qd1 Qb5 38. g3 Kg8 39. Kg2 Bg7 40. Qd4 Qc6 41. h4 Bf8 42. Qg4 Bg7 43. Qf4 Qd5 44. g4 Bf8 45. h5 gxh5 46. gxh5 Qc6 ({Better is} 46... Bg7 $14 47. Kh3 Qe6+ 48. Kg3 d5 49. exd6 Bf8) 47. Kg1 ({White should play} 47. Kg3 $1 $16) 47... Bh6 48. Qg4+ Kh7 49. Kg2 Qd5 50. Qf5+ Kg8 51. Kg3 Bg7 52. Qg4 {h6 would kill now.} Kh8 $2 (52... Qc6 $16 53. Qf5 Qe6) 53. Qg5 $2 (53. Qf4 $1 $18 {and the rest is easy.}) 53... Kh7 $2 (53... Qd3 $16 54. Kg4 Qc4+ 55. Kg3 Qd3) 54. Qf4 $1 $18 Bh6 55. Qf5+ $1 Kh8 56. Nh4 (56. Ng5 $18 Bxg5 57. Qxg5) 56... Bg7 (56... d6 $142) 57. f4 $1 $16 Qe6 58. Qe4 d6 (58... f6 $16 {keeps fighting.} 59. Nf3 fxe5) 59. Nf3 Bh6 $2 (59... Kg8 $16 60. Ng5 Qb3+ 61. Kh4 Qb6 62. Qh7+ Kf8) 60. f5 $1 $18 {[%cal Rf5e6]} Qe8 $2 (60... Qe7 61. e6 Kg8) 61. e6 fxe6 62. fxe6 Qe7 63. Qg6 (63. Nh4 $142 {White threatens Ng6+ and mate.} d5 64. Ng6+ Kh7 65. Nxe7+ dxe4 66. Nf5) 63... Bg7 {and the idea ...Bf6 leaves Black hopeful.} 64. Ng5 {[%csl Gg5][%cal Rg6h7] White mates.} Kg8 65. h6 {[%mdl 64] Pin} Qf6 66. Qxg7+ $2 {Accuracy: White = 61%, Black = 50%.} (66. Qh7+ {mates} Kf8 67. hxg7+ Qxg7 {[#]} 68. e7+ $1 {[%mdl 512]} Ke8 69. Qxg7 Kd7 70. Ne4 d5 71. e8=Q+ $1 {[%mdl 576] Decoy} Kxe8 72. Nf6+ {[%mdl 64] Double Attack} Kd8 73. Qd7#) 1-0

[Event "CZE-ch 2020"]
[Site "Pilsen"]
[Date "2020.08.24"]
[Round "2.33"]
[White "Hlozek, David"]
[Black "Houska, Jiri"]
[Result "0-1"]
[WhiteElo "2037"]
[BlackElo "2202"]
[Annotator "ChessBase"]
[PlyCount "100"]
[EventDate "2020.08.23"]
[EventType "swiss"]
[EventCountry "CZE"]
[SourceTitle "playchess.com"]
[Source "ChessBase"]
[SourceQuality "1"]
[TimeControl "40/5400+30:1800+30"]

1. e4 {[%emt 0:00:00]} c5 {[%emt 0:00:00]} 2. Nf3 {[%emt 0:00:00]} d6 {[%emt 0:00:00]} 3. d4 {[%emt 0:00:00]} cxd4 {[%emt 0:00:00]} 4. Nxd4 {[%emt 0:00:00]} Nf6 {[%emt 0:00:00]} 5. Nc3 {[%emt 0:00:00]} g6 {[%emt 0:00:00]} 6. Be3 {[%emt 0:00:11]} Bg7 {[%emt 0:00:00]} 7. f3 {[%emt 0:00:29]} O-O {[%emt 0:00:00]} 8. Qd2 {[%emt 0:00:07]} Nc6 {[%emt 0:00:00]} 9. O-O-O {[%emt 0:00:06]} d5 {[%emt 0:00:26]} 10. Kb1 {[%emt 0:00:28]} Nxd4 {[%emt 0:01:14]} 11. e5 {[%emt 0:00:57]} Nf5 {[%emt 0:01:02]} 12. exf6 {[%emt 0:00:06]} Bxf6 {[%emt 0:00:16]} 13. Nxd5 {[%emt 0:00:04]} Qxd5 {[%emt 0:01:15]} 14. Qxd5 {[%emt 0:00:05]} Nxe3 {[%emt 0:00:08]} 15. Qd2 {[%emt 0:01:11]} Nxd1 {[%emt 0:00:05]} 16. Qxd1 {[%emt 0:00:03]} Be6 {[%emt 0:00:52]} 17. Qc1 {[%emt 0:00:35]} Rfd8 {[%emt 0:18:17]} 18. Bd3 {[%emt 0:00:13]} Rd6 {[%emt 0:06:49]} 19. g4 {[%emt 0:09:04]} Rad8 {[%emt 0:11:30]} 20. h4 {[%emt 0:02:44]} Rb6 {[%emt 0:00:13]} 21. b3 {[%emt 0:02:49]} a5 {[%emt 0:00:37]} 22. Qa3 {[%emt 0:09:28]} Ra8 {[%emt 0:17:25]} 23. g5 {[%emt 0:46:27]} Bg7 {[%emt 0:00:12]} 24. Qc5 {[%emt 0:03:59]} Rd6 {[%emt 0:01:55]} 25. a4 {[%emt 0:02:29]} Bxb3 {[%emt 0:06:02]} 26. Qb5 {[%emt 0:10:08]} Bd5 {[%emt 0:02:06]} 27. Re1 {[%emt 0:00:47]} e6 {[%emt 0:18:24]} 28. f4 {[%emt 0:00:53]} Bc6 {[%emt 0:02:06]} 29. Qb6 {[%emt 0:01:48]} Rd4 {[%emt 0:03:48]} 30. Bb5 {[%emt 0:01:02]} Bd5 {[%emt 0:04:23]} 31. Kc1 {[%emt 0:02:14]} Rxf4 {[%emt 0:00:45]} 32. Qc7 {[%emt 0:01:23]} Rxh4 {[%emt 0:02:06]} 33. Rf1 {[%emt 0:01:36]} e5 {[%emt 0:00:16]} 34. c4 {[%emt 0:00:29]} Be6 {[%emt 0:00:16]} 35. Qxb7 {[%emt 0:00:51]} Rc8 {[%emt 0:00:35]} 36. Rd1 {[%emt 0:02:17]} Bf8 {[%emt 0:01:46]} 37. Re1 {[%emt 0:00:46]} Rcxc4+ {[%emt 0:01:35]} 38. Bxc4 {[%emt 0:00:30]} Rxc4+ {[%emt 0:00:03]} 39. Kd1 {[%emt 0:00:14]} Bg4+ {[%emt 0:00:25]} 40. Re2 {[%emt 0:00:53]} Rxa4 {[%emt 0:01:32]} 41. Ke1 {[%emt 0:30:21]} Bxe2 {[%emt 0:03:07]} 42. Kxe2 {[%emt 0:00:00]} Rg4 {[%emt 0:06:54]} 43. Qd5 {[%emt 0:00:00]} Rxg5 {[%emt 0:01:26]} 44. Qxa5 {[%emt 0:00:00]} Rf5 {[%emt 0:00:39]} 45. Qd8 {[%emt 0:00:00]} Kg7 {[%emt 0:00:08]} 46. Qh4 {[%emt 0:00:00]} h5 {[%emt 0:00:27]} 47. Qe4 {[%emt 0:00:00]} Be7 {[%emt 0:00:09]} 48. Qb7 {[%emt 0:00:00]} Bf6 {[%emt 0:00:04]} 49. Qe4 {[%emt 0:00:00]} h4 {[%emt 0:00:24]} 50. Qg2 {[%emt 0:00:00]} Rf4 {[%emt 0:00:28]} 0-1

[Event "CZE-ch 2020"]
[Site "Pilsen"]
[Date "2020.08.24"]
[Round "2.34"]
[White "Simet, Martin"]
[Black "Benes, Miroslav"]
[Result "1-0"]
[WhiteElo "2194"]
[BlackElo "2011"]
[Annotator "ChessBase"]
[PlyCount "83"]
[EventDate "2020.08.23"]
[EventType "swiss"]
[EventCountry "CZE"]
[SourceTitle "playchess.com"]
[Source "ChessBase"]
[SourceQuality "1"]
[TimeControl "40/5400+30:1800+30"]

1. d4 {[%emt 0:00:00]} d5 {[%emt 0:00:00]} 2. Bf4 {[%emt 0:00:00]} Nf6 {[%emt 0:00:00]} 3. e3 {[%emt 0:00:21]} e6 {[%emt 0:00:00]} 4. Nd2 {[%emt 0:01:33]} Bd6 {[%emt 0:00:16]} 5. Bg3 {[%emt 0:00:14]} c5 {[%emt 0:00:45]} 6. c3 {[%emt 0:00:37]} Qc7 {[%emt 0:00:35]} 7. Ngf3 {[%emt 0:01:45]} Nbd7 {[%emt 0:03:42]} 8. Rc1 {[%emt 0:04:29]} O-O {[%emt 0:01:40]} 9. Be2 {[%emt 0:04:01]} b6 {[%emt 0:10:32]} 10. c4 {[%emt 0:10:33]} Bb7 {[%emt 0:07:55]} 11. cxd5 {[%emt 0:07:51]} exd5 {[%emt 0:05:35]} 12. dxc5 {[%emt 0:08:23]} bxc5 {[%emt 0:00:32]} 13. Nd4 {[%emt 0:02:26]} Bxg3 {[%emt 0:00:15]} 14. hxg3 {[%emt 0:00:09]} Qa5 {[%emt 0:07:32]} 15. N4b3 {[%emt 0:12:22]} Qb6 {[%emt 0:03:22]} 16. g4 {[%emt 0:01:11]} h6 {[%emt 0:10:12]} 17. Qc2 {[%emt 0:02:59]} Rac8 {[%emt 0:00:31]} 18. g5 {[%emt 0:06:18]} hxg5 {[%emt 0:03:02]} 19. Qf5 {[%emt 0:02:36]} Rfe8 {[%emt 0:20:30]} 20. Qxg5 {[%emt 0:03:15]} Ne5 {[%emt 0:03:40]} 21. Nf3 {[%emt 0:13:55]} Nxf3+ {[%emt 0:08:13]} 22. gxf3 {[%emt 0:00:39]} a5 {[%emt 0:06:13]} 23. Rg1 {[%emt 0:02:54]} g6 {[%emt 0:00:55]} 24. Bd3 {[%emt 0:02:55]} Nh7 {[%emt 0:00:35]} 25. Qh6 {[%emt 0:00:13]} Nf8 {[%emt 0:00:48]} 26. Nd2 {[%emt 0:02:38]} Qf6 {[%emt 0:01:06]} 27. b3 {[%emt 0:01:11]} Ba6 {[%emt 0:01:57]} 28. Bb1 {[%emt 0:01:27]} Qb2 {[%emt 0:01:37]} 29. Kd1 {[%emt 0:01:59]} Qg7 {[%emt 0:01:21]} 30. Qh4 {[%emt 0:00:33]} Rcd8 {[%emt 0:01:06]} 31. f4 {[%emt 0:01:36]} d4 {[%emt 0:00:22]} 32. e4 {[%emt 0:00:14]} d3 {[%emt 0:00:15]} 33. e5 {[%emt 0:01:00]} a4 {[%emt 0:00:41]} 34. Rh1 {[%emt 0:01:20]} axb3 {[%emt 0:00:10]} 35. axb3 {[%emt 0:00:13]} Bc8 {[%emt 0:00:30]} 36. Ne4 {[%emt 0:00:23]} Nd7 {[%emt 0:00:57]} 37. Nf6+ {[%emt 0:00:52]} Kf8 {[%emt 0:00:30]} 38. Qh8+ {[%emt 0:00:42]} Qxh8 {[%emt 0:00:01]} 39. Rxh8+ {[%emt 0:00:07]} Ke7 {[%emt 0:00:11]} 40. Rxe8+ {[%emt 0:00:05]} Rxe8 {[%emt 0:00:10]} 41. Nxe8 {[%emt 0:30:05]} Kxe8 {[%emt 0:30:41]} 42. Bxd3 {[%emt 0:00:06]} 1-0

[Event "CZE-ch 2020"]
[Site "Pilsen"]
[Date "2020.08.24"]
[Round "2.35"]
[White "Jezek, Jan"]
[Black "Brozka, Karel"]
[Result "0-1"]
[WhiteElo "2162"]
[BlackElo "1991"]
[Annotator "TA"]
[PlyCount "100"]
[EventDate "2020.08.23"]
[EventType "swiss"]
[EventCountry "CZE"]
[SourceTitle "playchess.com"]
[Source "ChessBase"]
[SourceQuality "1"]

{[%evp 9,100,16,40,45,55,47,56,43,67,50,51,25,26,26,24,27,42,30,58,18,18,17,25,-3,7,-15,-25,-16,-31,-17,-44,-25,-20,-37,37,34,85,-39,-18,-18,-18,-22,-35,-64,-17,-9,-25,-25,-17,-8,13,0,0,0,0,-10,0,0,0,0,0,-8,-8,-52,0,0,0,-643,-631,-588,-429,-439,-37,-44,0,-116,-8,-8,-8,-14,-12,-1249,-1241,-893,-249,-252,-236,-209,-202,-195,-189,-29980,-29981]} 1. e4 d5 2. exd5 Qxd5 3. Nc3 Qd6 4. g3 Nf6 5. Bg2 c6 6. d4 {B01: Scandinavian Defence.} Bg4 7. Nf3 e6 8. O-O {White is slightly better.} Be7 9. Re1 O-O 10. h3 Bxf3 11. Bxf3 Rd8 12. Be3 {[#]} Nbd7 $146 ({Predecessor:} 12... Na6 13. Ne4 Qd7 14. Nxf6+ Bxf6 15. c3 Nc7 16. Qc2 Nd5 17. Bd2 Qc7 18. Rad1 Rd7 {0-1 (69) Bucinskas,V (2311)-Kovacevic,B (2457) Pardubice 2007}) 13. Bf4 Qb4 14. a3 Qb6 15. b4 a5 16. Na4 Qa6 17. Be2 Qa7 18. c3 b5 19. Nb2 $1 Nd5 20. Bd2 Bf6 21. Bg4 h5 (21... Qc7 $15) 22. Bxh5 $14 e5 ({Black should play} 22... axb4 $14 23. axb4 Qxa1 24. Qxa1 Rxa1 25. Rxa1 e5) 23. Be3 ({White should try} 23. c4 $1 $16 {[%cal Rc4d5]} Qxd4 24. cxd5 Qxb2 25. Rb1 (25. bxa5 Nc5 $14) (25. dxc6 Nb6 $14)) 23... g6 24. Bf3 $1 {[%cal Rf3d5] Strongly threatening Bxd5.} Nxc3 25. Qd2 exd4 26. Bg5 Ne5 27. Rxe5 Bxe5 28. Bxd8 Rxd8 29. Nd3 Bd6 {Threatens to win with ...axb4.} 30. Re1 axb4 31. axb4 Qd7 32. h4 Re8 33. Rxe8+ Qxe8 34. h5 Qe6 $36 {[%mdl 2048] Black has good play.} 35. Qg5 Nd5 36. hxg6 fxg6 (36... Qxg6 $15 37. Qxg6+ fxg6) 37. Bg4 Qe4 38. Nc5 $2 {[%mdl 8192]} (38. Qd8+ $11 Bf8 39. Qd7) 38... Bxc5 $1 $19 39. bxc5 {intending Bd7.} d3 40. Qd8+ Kg7 $2 (40... Kf7 $1 $19 41. Qd7+ Ne7) 41. Qd7+ $15 Ne7 {[#]} 42. Bf3 $1 {[%mdl 512]} Qe1+ (42... Qxf3 $17 43. Qxe7+ Qf7) 43. Kg2 $11 d2 44. Qd4+ Kf7 45. g4 $2 {[%mdl 8192] Now White is beyond hope.} (45. Qf4+ $11 Nf5 46. Qc7+ Ne7 47. Qf4+ Kg7 48. Qd4+ Kf7 49. Qf4+) 45... g5 $19 46. Qd3 Kg7 $2 (46... Ng6 {( -> ...Nf4+)} 47. Qd7+ Kg8 48. Qd8+ Kg7 49. Qxg5 d1=Q 50. Bxd1 Qxd1) 47. Qd4+ {[#]} Kh6 $1 {...Ng6 is the strong threat.} 48. Qh8+ Kg6 49. Qd4 {[#]} b4 $1 {[%cal Rb4b3] Hoping for ...b3.} 50. Qd3+ $2 (50. Be4+ $19 Kf7 51. Bc2) 50... Kh6 {Accuracy: White = 70%, Black = 67%.} 0-1

[Event "CZE-ch 2020"]
[Site "Pilsen"]
[Date "2020.08.24"]
[Round "2.36"]
[White "Kures, Michael"]
[Black "Pychova, Nela"]
[Result "1/2-1/2"]
[WhiteElo "2019"]
[BlackElo "2159"]
[Annotator "ChessBase"]
[PlyCount "91"]
[EventDate "2020.08.23"]
[EventType "swiss"]
[EventCountry "CZE"]
[SourceTitle "playchess.com"]
[Source "ChessBase"]
[SourceQuality "1"]
[TimeControl "40/5400+30:1800+30"]

1. e4 {[%emt 0:00:00]} c5 {[%emt 0:00:00]} 2. Nf3 {[%emt 0:00:00]} Nc6 {[%emt 0:00:02]} 3. d4 {[%emt 0:00:31]} cxd4 {[%emt 0:00:13]} 4. Nxd4 {[%emt 0:00:12]} g6 {[%emt 0:00:56]} 5. Nc3 {[%emt 0:01:18]} Bg7 {[%emt 0:01:03]} 6. Be3 {[%emt 0:01:03]} Nf6 {[%emt 0:03:00]} 7. f3 {[%emt 0:01:07]} O-O {[%emt 0:03:01]} 8. Bc4 {[%emt 0:00:30]} d6 {[%emt 0:03:52]} 9. Qd2 {[%emt 0:00:26]} Bd7 {[%emt 0:01:56]} 10. Bb3 {[%emt 0:00:14]} Rc8 {[%emt 0:22:32]} 11. O-O-O {[%emt 0:02:13]} Nxd4 {[%emt 0:00:45]} 12. Bxd4 {[%emt 0:00:17]} b5 {[%emt 0:00:22]} 13. Nd5 {[%emt 0:03:16]} Nxd5 {[%emt 0:03:17]} 14. Bxg7 {[%emt 0:00:19]} Kxg7 {[%emt 0:00:25]} 15. Bxd5 {[%emt 0:00:55]} a5 {[%emt 0:04:49]} 16. a3 {[%emt 0:09:44]} b4 {[%emt 0:03:19]} 17. axb4 {[%emt 0:01:08]} axb4 {[%emt 0:03:39]} 18. Qxb4 {[%emt 0:00:26]} Rc5 {[%emt 0:11:02]} 19. Rd3 {[%emt 0:04:55]} Rb5 {[%emt 0:07:31]} 20. Qd4+ {[%emt 0:01:30]} e5 {[%emt 0:05:45]} 21. Qc4 Ra5 {[%emt 0:03:45]} 22. Ra3 {[%emt 0:04:28]} Rxa3 {[%emt 0:01:24]} 23. bxa3 {[%emt 0:00:05]} Qg5+ {[%emt 0:00:29]} 24. Kb2 {[%emt 0:07:47]} Qxg2 {[%emt 0:03:56]} 25. Qf1 {[%emt 0:00:28]} Qd2 {[%emt 0:01:58]} 26. Qd1 {[%emt 0:01:19]} Qa5 {[%emt 0:01:10]} 27. Bb3 {[%emt 0:00:07]} Qb6 {[%emt 0:05:17]} 28. Qd3 {[%emt 0:01:32]} Bb5 {[%emt 0:03:23]} 29. Qd5 {[%emt 0:01:00]} Be2 {[%emt 0:00:40]} 30. Re1 {[%emt 0:19:43]} Bxf3 {[%emt 0:00:40]} 31. Qd3 {[%emt 0:00:52]} Bg4 {[%emt 0:01:02]} 32. Rf1 {[%emt 0:01:27]} Be6 {[%emt 0:02:04]} 33. Rd1 {[%emt 0:00:30]} Rd8 {[%emt 0:01:03]} 34. Rd2 {[%emt 0:01:24]} f5 {[%emt 0:01:34]} 35. exf5 {[%emt 0:01:25]} Bxf5 {[%emt 0:00:02]} 36. Qd5 {[%emt 0:00:10]} Qe3 {[%emt 0:01:21]} 37. a4 {[%emt 0:10:35]} Kh6 {[%emt 0:00:26]} 38. a5 {[%emt 0:03:26]} Be6 {[%emt 0:00:41]} 39. Qg2 {[%emt 0:08:25]} Bxb3 {[%emt 0:00:26]} 40. Rd3 {[%emt 0:00:22]} Qa7 {[%emt 0:00:34]} 41. Rxb3 {[%emt 0:31:18]} Rb8 {[%emt 0:10:55]} 42. Qd2+ {[%emt 0:00:00]} Kg7 {[%emt 0:01:27]} 43. Qxd6 {[%emt 0:00:00]} Rxb3+ {[%emt 0:00:11]} 44. Kxb3 {[%emt 0:00:00]} Qxa5 {[%emt 0:00:13]} 45. Qe7+ {[%emt 0:00:00]} Kh6 {[%emt 0:02:08]} 46. Qh4+ {[%emt 0:00:00]} 1/2-1/2

[Event "CZE-ch 2020"]
[Site "Pilsen"]
[Date "2020.08.24"]
[Round "2.37"]
[White "Janous, Marek"]
[Black "Nemec, Jachym"]
[Result "1/2-1/2"]
[WhiteElo "1968"]
[BlackElo "2150"]
[Annotator "TA"]
[PlyCount "113"]
[EventDate "2020.08.23"]
[EventType "swiss"]
[EventCountry "CZE"]
[SourceTitle "playchess.com"]
[Source "ChessBase"]
[SourceQuality "1"]

{[%evp 25,113,0,0,-37,-20,-18,-18,-20,-24,-36,-16,-25,3,-16,0,-12,-22,-75,-15,-20,96,-11,53,62,74,0,0,-226,-209,-254,-260,-251,-271,-356,-340,-323,-326,-563,-468,-518,-342,-646,-643,-816,-546,-595,-429,-826,-597,-588,-593,-547,-434,-428,0,0,0,0,0,0,0,0,0,0,41,0,41,29,35,39,152,152,156,63,68,66,103,108,160,0,0,0,156,0,0,0,148,0,340,302]} 1. e4 c5 2. Nf3 d6 3. d4 cxd4 4. Nxd4 Nf6 5. Nc3 a6 6. Be2 e5 7. Nb3 Be7 8. O-O O-O 9. a4 Be6 10. Be3 Nbd7 {[%cal Bb8d7,Bd7f8,Bf8g6,Bg6f4][%mdl 32]} 11. f3 Rc8 12. a5 Qc7 13. Qd2 Rfd8 14. Rfc1 {B92: Sicilian Najdorf: 6 Be2.} Qc6 15. Rd1 Nf8 16. Bb6 {The position is equal.} Rd7 17. Qe3 Ng6 {[#]} 18. Bd3 $146 ({Predecessor:} 18. Rac1 h6 19. Qf2 Nf4 20. Be3 Nxe2+ 21. Qxe2 d5 22. exd5 Nxd5 23. Nxd5 Bxd5 24. c4 {0-1 (41) Nahornyi,I (1940)-Petrovskiy,V (1974) Lvov 2019}) 18... h5 19. Nd2 h4 20. Qe1 Nf4 21. Nf1 (21. Bf2 $11) 21... g6 (21... d5 $17 {Threatens to win with ...h3.} 22. exd5 N6xd5 23. Nxd5 Nxd5) 22. Ne3 Kg7 {[#]} (22... d5 $1 $11 {remains equal.} 23. exd5 Bxd5) 23. Ne2 (23. Ncd5 $1 $16) 23... N6h5 (23... Nxe2+ $11 24. Qxe2 d5) 24. Ra3 $14 Nxd3 25. Rdxd3 ({Better is} 25. Raxd3 $16 Rg8 26. Rc3) 25... Qb5 $11 26. b3 $2 {[#]} (26. Rab3 $11 Bxb3 27. Rxb3) 26... Rxc2 $1 $19 {[%mdl 576] Remove Defender} 27. Nxc2 Qxd3 28. Nb4 Qb5 29. Ra4 {Hoping for Nc3.} Bd8 ({Don't do} 29... Bxb3 30. Ra1 $19) 30. Bxd8 Rxd8 31. Ra3 $2 (31. Ra1) 31... Qc5+ 32. Kh1 Rc8 33. h3 $2 (33. Ra1) 33... Qe3 {White must now prevent ...Ng3+!} 34. Ra1 Bxb3 35. Rb1 Bc4 36. Rc1 (36. Nc3 $142 Ng3+ 37. Kh2 Nf1+ 38. Kh1) 36... Rc5 37. Nc3 Ng3+ 38. Kh2 Qf4 39. Kg1 Be6 $2 ({Resist} 39... Nf1 40. Na4 $19) (39... Rxa5 $19 {...Ra3 is the strong threat.} 40. Rd1 Qg5) 40. Nd3 $11 {[%mdl 64] Double Attack} Qg5 41. Nxc5 dxc5 42. Kf2 Qd8 43. Ne2 Nxe2 44. Kxe2 {[%mdl 4096] Endgame KQR-KQB} Bd7 45. Qc3 {[%mdl 1024] White has compensation.} Qg5 46. Kf1 $36 {[%mdl 2048] White is more active.} c4 47. Rd1 Be6 (47... Qe7 $14) 48. Rb1 $16 Qg3 {intending ...Bxh3.} 49. Qe1 (49. Rxb7 Bxh3 50. gxh3 Qxh3+ 51. Ke2 Qh2+ 52. Kd1 h3 $16) ({White should play} 49. Qe3 $16) 49... Qh2 $1 $14 50. Rxb7 Qh1+ 51. Kf2 Qh2 52. Kf1 Qh1+ 53. Kf2 Qh2 54. Kf1 Qh1+ 55. Kf2 Qh2 56. Kf1 (56. Qd2 $16) 56... Qg3 $2 {[%mdl 8192]} (56... Qh1+ $11 {and Black stays safe.} 57. Kf2) 57. Qe3 {[%mdl 32768] Both players deserved the win here. Accuracy: White = 48%, Black = 58%. . An unexpected result.} 1/2-1/2